| 000 | 00346nam a2200145Ia 4500 | ||
|---|---|---|---|
| 008 | 150201s2010 xx 000 0 und d | ||
| 082 |
_a610.3 _bM10P |
||
| 100 | _aPANDA, U.N. | ||
| 245 | _aJAYPEE,S MIDWIFERY DICTIONARY | ||
| 250 | _a1ST | ||
| 260 |
_bJAYPEE BROTHERS _aDELHI _c2010 |
||
| 300 | _a1-180 | ||
| 650 | _aDICTIONARIES | ||
| 942 |
_2ddc _cBK |
||
| 999 |
_c205 _d205 |
||